000 00764nam a2200217 i 4500
001 80771
003 ES-MaACL
005 20230906174309.0
007 t|
008 041029s1969 sp ||||1| spa d
100 1 _aHolstein, Günther.
_964074
245 1 0 _aHistoria de la filosofía política /
_cGünther Holstein ; traducida por Luis Legaz Lacambra ; prólogo de Luis Díez del Corral.
250 _a2ª ed., reimp.
260 _aMadrid :
_bInstituto de Estudios Políticos,
_c1969.
300 _a295 p. ;
_c20 cm.
650 4 _aPolítica-
_xFilosofía-
_vHistoria.
_916277
700 1 _aLegaz Lacambra, Luis.
_971264
700 1 _aDíez del Corral, Luis.
_944718
710 2 _aInstituto de Estudios Políticos (Madrid)
_94924
852 _aES-MaACL
_jC-39485
999 _c80771
_d80771